[Event "Thessaloniki/Chalkidiki-chT"]
[Site "Thessaloniki/Chalkidiki"]
[Date "2019.03.17"]
[Round "8.8"]
[White "Mihalakis, Athanasios"]
[Black "Bozanis, Dimitrios"]
[Result "0-1"]
[WhiteElo "1455"]
[BlackElo "1849"]
[PlyCount "94"]
[EventDate "2019.01.13"]
[EventType "team-tourn"]
[EventRounds "9"]
[EventCountry "GRE"]
[SourceTitle "EXT 2020"]
[Source "ChessBase"]
[SourceDate "2019.10.17"]
[SourceVersion "1"]
[SourceVersionDate "2019.10.17"]
[SourceQuality "1"]
[WhiteTeam "Moudanion"]
[BlackTeam "Thessaloniki Aris"]
[WhiteTeamCountry "GRE"]
[BlackTeamCountry "GRE"]

1. e4 c5 2. Nf3 d6 3. d4 cxd4 4. Nxd4 Nf6 5. Nc3 Nc6 6. Nb3 e5 7. Bg5 Be7 8. Qd2 a6 9. 0-0-0 b5 10. Bxf6 gxf6 11. Nd5 Bf8 12. Kb1 Be6 13. a3 Rb8 14. Be2 a5 15. Qc3 Bd7 16. Bh5 a4 17. Nc1 Bg7 18. Ne2 Qc8 19. Qf3 f5 20. exf5 Bxf5 21. Ne3 Be6 22. Rxd6 Nd4 23. Nxd4 exd4 24. Nd5 Be5 25. Nc7+ Ke7 26. Rxe6+ fxe6 27. Qf7+ Kd6 28. f4 Qxc7 29. fxe5+ Kc6 30. Bf3+ Kb6 31. Qxe6+ Ka5 32. b4+ axb3 33. cxb3 Rb6 34. b4+ Ka6 35. Qd5 Rd8 36. Qe4 Qc3 37. Ka2 d3 38. Rb1 Qc2+ 39. Rb2 Qc4+ 40. Kb1 Qxe4 41. Bxe4 d2 42. Rxd2 Rxd2 43. Bxh7 Rh6 44. e6 Rxh7 45. h3 Rxg2 46. a4 Rxh3 47. e7 Rh1# 0-1

[Event "Thessaloniki/Chalkidiki-chT"]
[Site "Thessaloniki/Chalkidiki"]
[Date "2019.02.24"]
[Round "6.8"]
[White "Gavriilidis, Giorgos"]
[Black "Mihalakis, Athanasios"]
[Result "1-0"]
[WhiteElo "1605"]
[BlackElo "1455"]
[PlyCount "51"]
[EventDate "2019.01.13"]
[EventType "team-tourn"]
[EventRounds "9"]
[EventCountry "GRE"]
[SourceTitle "EXT 2020"]
[Source "ChessBase"]
[SourceDate "2019.10.17"]
[SourceVersion "1"]
[SourceVersionDate "2019.10.17"]
[SourceQuality "1"]
[WhiteTeam "Kalamarias Han"]
[BlackTeam "Moudanion"]
[WhiteTeamCountry "GRE"]
[BlackTeamCountry "GRE"]

1. e4 c5 2. Nf3 Nc6 3. d4 cxd4 4. Nxd4 Nf6 5. Nc3 a6 6. Be3 e5 7. Nb3 Bb4 8. Bd3 d5 9. exd5 Nxd5 10. Bd2 Nxc3 11. bxc3 Be7 12. 0-0 0-0 13. Be3 b6 14. Qh5 g6 15. Qe2 Bg5 16. Rad1 Bxe3 17. Qxe3 Qc7 18. f4 Bg4 19. Rde1 Rae8 20. f5 e4 21. f6 Nd8 22. Bxa6 Kh8 23. Rf4 Bd7 24. Rh4 Re5 25. Qh6 Rh5 26. Qg7# 1-0